Statistics for Countries by Average Temperature with Map

Click here to take the quiz!

General Stats

  • This quiz has been taken 315 times
  • The average score is 81 of 196

Answers on the Map

Answers color-coded by a green-red scale on the quiz's map according to % correct below.
 

Answer Stats

Temp.ContinentAnswer% Correct
28.29°C / 82.9°FAfricaBurkina Faso
75%
28.2°C / 82.8°FOceaniaKiribati
74%
28.25°C / 82.9°FAfricaMali
73%
28°C / 82.4°FOceaniaNauru
58%
28°C / 82.4°FOceaniaTuvalu
58%
-5.35°C / 22.4°FNorth AmericaCanada
57%
27.4°C / 81.3°FOceaniaMarshall Islands
56%
-0.7°C / 30.7°FAsiaMongolia
56%
1.5°C / 34.7°FEuropeNorway
56%
27.6°C / 81.7°FOceaniaPalau
56%
-5.1°C / 22.8°FEuropeRussia
56%
26.7°C / 80.1°FOceaniaSamoa
52%
25.85°C / 78.5°FOceaniaFederated States of Micronesia
51%
1.7°C / 35.1°FEuropeFinland
51%
28°C / 82.4°FAfricaDjibouti
49%
5.1°C / 41.2°FEuropeEstonia
49%
1.75°C / 35.2°FEuropeIceland
49%
1.55°C / 34.8°FAsiaKyrgyzstan
49%
10.55°C / 51°FOceaniaNew Zealand
49%
25.65°C / 78.2°FOceaniaSolomon Islands
49%
2.1°C / 35.8°FEuropeSweden
49%
6.4°C / 43.5°FAsiaKazakhstan
48%
27.65°C / 81.8°FAsiaMaldives
48%
25.25°C / 77.5°FOceaniaPapua New Guinea
48%
2°C / 35.6°FAsiaTajikistan
48%
25.25°C / 77.5°FOceaniaTonga
48%
23.95°C / 75.1°FOceaniaVanuatu
48%
6.35°C / 43.4°FEuropeAustria
47%
8.45°C / 47.2°FSouth AmericaChile
47%
6.95°C / 44.5°FAsiaChina
47%
24.4°C / 75.9°FOceaniaFiji
47%
26°C / 78.8°FSouth AmericaGuyana
47%
6.2°C / 43.2°FEuropeLithuania
47%
8.55°C / 47.4°FNorth AmericaUnited States
47%
7.15°C / 44.9°FAsiaArmenia
46%
21.65°C / 71°FOceaniaAustralia
46%
27.15°C / 80.9°FAsiaBahrain
46%
6.15°C / 43.1°FEuropeBelarus
46%
7.4°C / 45.3°FAsiaBhutan
46%
7.55°C / 45.6°FEuropeCzech Republic
46%
7.5°C / 45.5°FEuropeDenmark
46%
5.8°C / 42.4°FAsiaGeorgia
46%
5.6°C / 42.1°FEuropeLatvia
46%
27.15°C / 80.9°FAfricaNiger
46%
5.7°C / 42.3°FAsiaNorth Korea
46%
6.8°C / 44.2°FEuropeSlovakia
46%
25.7°C / 78.3°FSouth AmericaSuriname
46%
7.6°C / 45.7°FEuropeAndorra
44%
14.8°C / 58.6°FSouth AmericaArgentina
44%
24.95°C / 76.9°FSouth AmericaBrazil
44%
24.5°C / 76.1°FSouth AmericaColombia
44%
8.4°C / 47.1°FEuropeGermany
44%
5.65°C / 42.2°FEuropeLiechtenstein
44%
7.85°C / 46.1°FEuropePoland
44%
27.15°C / 80.9°FAsiaQatar
44%
5.5°C / 41.9°FEuropeSwitzerland
44%
27°C / 80.6°FAsiaUnited Arab Emirates
44%
25.35°C / 77.6°FSouth AmericaVenezuela
44%
26°C / 78.8°FNorth AmericaAntigua and Barbuda
43%
24.85°C / 76.7°FNorth AmericaBahamas
43%
26°C / 78.8°FNorth AmericaBarbados
43%
26.65°C / 80°FNorth AmericaGrenada
43%
24.95°C / 76.9°FNorth AmericaJamaica
43%
27.65°C / 81.8°FAfricaMauritania
43%
25.4°C / 77.7°FNorth AmericaPanama
43%
23.55°C / 74.4°FSouth AmericaParaguay
43%
26.8°C / 80.2°FNorth AmericaSaint Vincent and the Grenadines
43%
10.55°C / 51°FEuropeSerbia
43%
26.9°C / 80.4°FAfricaSudan
43%
8.3°C / 46.9°FEuropeUkraine
43%
8.45°C / 47.2°FEuropeUnited Kingdom
43%
17.55°C / 63.6°FSouth AmericaUruguay
43%
9.55°C / 49.2°FEuropeBelgium
42%
25.4°C / 77.7°FNorth AmericaBelize
42%
27.55°C / 81.6°FAfricaBenin
42%
9.85°C / 49.7°FEuropeBosnia and Herzegovina
42%
10.55°C / 51°FEuropeBulgaria
42%
26.55°C / 79.8°FAfricaChad
42%
24.8°C / 76.6°FNorth AmericaCosta Rica
42%
24.55°C / 76.2°FNorth AmericaDominican Republic
42%
21.85°C / 71.3°FSouth AmericaEcuador
42%
10.7°C / 51.3°FEuropeFrance
42%
27.2°C / 81°FAfricaGhana
42%
24.9°C / 76.8°FNorth AmericaHaiti
42%
9.75°C / 49.6°FEuropeHungary
42%
9.3°C / 48.7°FEuropeIreland
42%
8.65°C / 47.6°FEuropeLuxembourg
42%
8.1°C / 46.6°FAsiaNepal
42%
24.9°C / 76.8°FNorth AmericaNicaragua
42%
9.8°C / 49.6°FEuropeNorth Macedonia
42%
19.6°C / 67.3°FSouth AmericaPeru
42%
8.8°C / 47.8°FEuropeRomania
42%
25.5°C / 77.9°FNorth AmericaSaint Lucia
42%
27.85°C / 82.1°FAfricaSenegal
42%
27.05°C / 80.7°FAfricaSomalia
42%
26.95°C / 80.5°FAsiaSri Lanka
42%
27.15°C / 80.9°FAfricaTogo
42%
25.75°C / 78.4°FNorth AmericaTrinidad and Tobago
42%
11.95°C / 53.5°FAsiaAzerbaijan
41%
21.55°C / 70.8°FSouth AmericaBolivia
41%
25.2°C / 77.4°FNorth AmericaCuba
41%
24.45°C / 76°FNorth AmericaEl Salvador
41%
27.5°C / 81.5°FAfricaGambia
41%
15.4°C / 59.7°FEuropeGreece
41%
23.45°C / 74.2°FNorth AmericaGuatemala
41%
23.5°C / 74.3°FNorth AmericaHonduras
41%
13.45°C / 56.2°FEuropeItaly
41%
11.15°C / 52.1°FAsiaJapan
41%
9.45°C / 49°FEuropeMoldova
41%
9.25°C / 48.7°FEuropeNetherlands
41%
15.15°C / 59.3°FEuropePortugal
41%
8.9°C / 48°FEuropeSlovenia
41%
11.5°C / 52.7°FAsiaSouth Korea
41%
9.9°C / 49.8°FAsiaTurkey
41%
12.05°C / 53.7°FAsiaUzbekistan
41%
26.8°C / 80.2°FAsiaCambodia
40%
10.9°C / 51.6°FEuropeCroatia
40%
22.35°C / 72.2°FNorth AmericaDominica
40%
25.85°C / 78.5°FAsiaIndonesia
40%
9.5°C / 49.1°FEuropeKosovo
40%
19.2°C / 66.6°FEuropeMalta
40%
21°C / 69.8°FNorth AmericaMexico
40%
13.55°C / 56.4°FEuropeMonaco
40%
10.55°C / 51°FEuropeMontenegro
40%
26.8°C / 80.2°FAfricaNigeria
40%
24.5°C / 76.1°FNorth AmericaSaint Kitts and Nevis
40%
11.85°C / 53.3°FEuropeSan Marino
40%
27.15°C / 80.9°FAfricaSeychelles
40%
13.3°C / 56°FEuropeSpain
40%
26.3°C / 79.3°FAsiaThailand
40%
15.1°C / 59.2°FAsiaTurkmenistan
40%
12.6°C / 54.7°FAsiaAfghanistan
38%
11.4°C / 52.5°FEuropeAlbania
38%
26.85°C / 80.3°FAsiaBrunei
38%
25.5°C / 77.9°FAfricaEritrea
38%
25.35°C / 77.6°FAsiaKuwait
38%
25.6°C / 78.1°FAsiaOman
38%
26.45°C / 79.6°FAsiaSingapore
38%
20°C / 68°FEuropeVatican City
38%
25.7°C / 78.3°FAfricaGuinea
37%
26.75°C / 80.2°FAfricaGuinea-Bissau
37%
26.35°C / 79.4°FAfricaIvory Coast
37%
25.4°C / 77.7°FAsiaMalaysia
37%
24.65°C / 76.4°FAsiaSaudi Arabia
37%
26.05°C / 78.9°FAfricaSierra Leone
37%
25°C / 77°FAsiaBangladesh
36%
24.9°C / 76.8°FAfricaCentral African Republic
36%
18.45°C / 65.2°FAsiaCyprus
36%
22.8°C / 73°FAsiaLaos
36%
11.85°C / 53.3°FAfricaLesotho
36%
25.85°C / 78.5°FAsiaPhilippines
36%
25°C / 77°FAfricaSouth Sudan
36%
24.45°C / 76°FAsiaVietnam
36%
22.5°C / 72.5°FAfricaAlgeria
35%
24.6°C / 76.3°FAfricaCameroon
35%
25.55°C / 78°FAfricaComoros
35%
25.25°C / 77.5°FAsiaEast Timor
35%
25.05°C / 77.1°FAfricaGabon
35%
23.65°C / 74.6°FAsiaIndia
35%
24.75°C / 76.6°FAfricaKenya
35%
25.3°C / 77.5°FAfricaLiberia
35%
20.2°C / 68.4°FAsiaPakistan
35%
24.55°C / 76.2°FAfricaRepublic of the Congo
35%
23.85°C / 74.9°FAsiaYemen
35%
24°C / 75.2°FAfricaDemocratic Republic of the Congo
33%
22.1°C / 71.8°FAfricaEgypt
33%
24.55°C / 76.2°FAfricaEquatorial Guinea
33%
17.25°C / 63.1°FAsiaIran
33%
21.4°C / 70.5°FAsiaIraq
33%
13.05°C / 55.5°FAsiaMyanmar
33%
22°C / 71.6°FAsiaTaiwan
33%
22.2°C / 72°FAfricaEthiopia
32%
19.2°C / 66.6°FAsiaIsrael
32%
18.3°C / 65°FAsiaJordan
32%
16.4°C / 61.5°FAsiaLebanon
32%
23.75°C / 74.8°FAfricaSao Tome and Principe
32%
17.75°C / 64°FAsiaSyria
32%
21.8°C / 71.2°FAfricaLibya
31%
22.65°C / 72.8°FAfricaMadagascar
31%
22.4°C / 72.3°FAfricaMauritius
31%
17.1°C / 62.8°FAfricaMorocco
31%
23.8°C / 74.8°FAfricaMozambique
31%
17.75°C / 64°FAfricaSouth Africa
31%
22.8°C / 73°FAfricaUganda
31%
21.5°C / 70.7°FAfricaBotswana
30%
23.3°C / 73.9°FAfricaCape Verde
30%
19.95°C / 67.9°FAfricaNamibia
30%
17.85°C / 64.1°FAfricaRwanda
30%
22.35°C / 72.2°FAfricaTanzania
30%
19.2°C / 66.6°FAfricaTunisia
30%
21°C / 69.8°FAfricaZimbabwe
30%
21.55°C / 70.8°FAfricaAngola
28%
19.8°C / 67.6°FAfricaBurundi
28%
21.4°C / 70.5°FAfricaEswatini
28%
21.9°C / 71.4°FAfricaMalawi
28%
21.4°C / 70.5°FAfricaZambia
28%

Score Distribution

Percentile by Number Answered

Percent of People with Each Score

Your Score History

You have not taken this quiz